000 005190000a22001450004500
050 4 _aCD 037
100 1 _aBolen, Todd
245 1 0 _aPictorial Library of Bible Lands Vol. 2 : Samaria and the Center / Todd Bolen
505 0 0 _a- Sharon Plain - Beth Shean - Cultural Pictures - Jericho - Jezreel Valley - Kiriath Jearim area - Megiddo - Mount Carmel - Samaria - Benjamin
001 13605
942 _cBK
999 _c42562
_d42562
336 _atexto
_btxt
_2rdacontent
337 _2rdamedia
_asin mediación
_bn
338 _2rdacarrier
_avolumen
_bnc